<A> vállalatátvilágítás viszonyítási alapjai és kérdései.
Charakteristické znaky úspešných podnikov. Podniková stratégia a riadenie. Orientácia na človeka v podnikovom riadení. Životný cyklus podniku a podniková orgnizácia. Vonkajšie podmienky fungovania podniku (trh, štát, odvetvie a pod.). Strategické plánovanie a marketingové ciele.
Salvato in:
| Autore principale: | |
|---|---|
| Natura: | Capitolo di libro |
| Lingua: | ungherese |
| Soggetti: | |
| Tags: |
Nessun Tag, puoi essere il primo ad aggiungerne!!
|
MARC
| LEADER | 00000naa a2200000 4500 | ||
|---|---|---|---|
| 001 | r010620 | ||
| 005 | 20221125113558.4 | ||
| 041 | 0 | |a hun | |
| 044 | |a HU | ||
| 245 | 1 | 0 | |a <A> vállalatátvilágítás viszonyítási alapjai és kérdései. |c I. Ádám |
| 520 | |a Charakteristické znaky úspešných podnikov. Podniková stratégia a riadenie. Orientácia na človeka v podnikovom riadení. Životný cyklus podniku a podniková orgnizácia. Vonkajšie podmienky fungovania podniku (trh, štát, odvetvie a pod.). Strategické plánovanie a marketingové ciele. | ||
| 610 | 2 | 0 | |a stratégia podniková |
| 610 | 2 | 0 | |a porovnanie medzipodnikové |
| 610 | 2 | 0 | |a riadenie podnikové |
| 610 | 2 | 0 | |a činiteľ ľudský |
| 610 | 2 | 0 | |a organizácia podniku |
| 610 | 2 | 0 | |a plánovanie strategické |
| 610 | 2 | 0 | |a podnik |
| 610 | 2 | 0 | |a marketing |
| 100 | 1 | |a Ádám, I. | |